000 00655nam a2200181Ia 4500
003 GCL
008 140319s9999 xx 000 0 ara d
040 _aGCL /
_cGCL
082 0 4 _aم
_b953
_bج ع
100 1 _aالجزائرى , عبدالقادر
245 1 0 _aعيون الاثر فى فنون المغازى والشمائل والسير /
_cالجزائرى , عبدالقادر
260 _a[S.N] :
_bمكتبة القدسى
490 _aشكاوى المصرى الفصيح
_v0
650 0 4 _aالفتوحات الاسلامية
650 0 4 _aالتاريخ الاسلامى
650 0 4 _aالغزوات الاسلامية
942 _2ddc
_cREF
999 _c59373
_d59373